Đông Kinh Đại Toàn

Cuốn sách này là cuốn biên giải cuốn Đông Kinh đại toàn tập hợp các bài viết cảu thầy SuUn Choi Jae U viết trong thời kỳ hỗn loạn cuối thế kỷ XIX của bán đảo Hàn

Gespeichert in:
Bibliographische Detailangaben
1. Verfasser: U, Choi Jae
Format: Buch
Sprache:Undetermined
Veröffentlicht: Hà Nội Thế giới 2008
Schlagworte:
Tags: Tag hinzufügen
Keine Tags, Fügen Sie den ersten Tag hinzu!
Thư viện lưu trữ: Trung tâm Học liệu Trường Đại học Cần Thơ
LEADER 00881nam a2200205Ia 4500
001 CTU_226447
008 210402s9999 xx 000 0 und d
020 |c 60000vnd 
082 |a 181.119 
082 |b U99 
100 |a U, Choi Jae 
245 0 |a Đông Kinh Đại Toàn 
245 0 |c Choi Jae U ; Kim Seong Beom (Biên dịch và chú giải) ; Đào Vũ Vũ (Chuyển ngữ) 
260 |a Hà Nội 
260 |b Thế giới 
260 |c 2008 
520 |a Cuốn sách này là cuốn biên giải cuốn Đông Kinh đại toàn tập hợp các bài viết cảu thầy SuUn Choi Jae U viết trong thời kỳ hỗn loạn cuối thế kỷ XIX của bán đảo Hàn 
650 |a Philosophy, Korean,Triết học Triều Tiên 
910 |b nthai 
980 |a Trung tâm Học liệu Trường Đại học Cần Thơ